000
00204nam a2200085Ia 4500
008
120527s9999 xx 000 0 und d
100
_a
TIP
245
_a
The Industrial organisation Psychologist
942
_c
BK
999
_c
27629
_d
27629